000 00317nam a22001457a 4500
008 210224b ||||| |||| 00| 0 eng d
020 _a9780521272704
041 _aeng
080 _26th
_a579
082 _a579
100 _a11
101 _aMIK
245 _aGeneral Microbiology
_cSchlegel,H.G
942 _2udc
_cBK
999 _c55145
_d55145